000 00413nam a2200157Ia 4500
008 221030s9999 xx 000 0 und d
041 _aEnglish
082 _a105.23
_bPur
100 _aB. R. Puri
245 0 _aPrinciples of Inorganic Chemistry
_cby B. R. Puri , L. R. Sharma
260 _bShoban Lal Nagin
_aJalandhar
_c2002
300 _a1417
650 _aBB Chemistry
700 _aL. R. Sharma
942 _cBK
999 _c1267
_d1267